000 00870cam a2200229 4500
001 WB4023-09
008 040616n2004 000 0 eng u
035 _a(Sirsi) u126489
245 _aAffordability crisis spreading
260 _c2004
490 _aShelter Press Release
_v15 June 2004, (3)
520 _aResearch by Shelter reveals that the shortage of affordable homes is spreading across the UK. The "Roof affordability index" now includes southwest England with London and southeast England as the most unaffordable areas in the UK. http://england.shelter.org.uk/home/home-624.cfm/pr essreleaselisting/1/pressrelease/88/
590 _aWB
590 _aWB
650 _aAffordable housing
_96215
650 _aHOUSING SHORTAGE
650 _aSOCIAL HOUSING
650 _aHOUSING SUPPLY
650 _aHOUSE PRICES
690 _aHOUSING
942 _n0
999 _c117525
_d117525